000 00668nam a2200181Ia 4500
008 090630s9999 xx 000 0 und d
082 _b6717
100 _aअभ्यंकर कुसुम.
245 _aजांभ्या दगडाचे डोळे.
_cअभ्यंकर कुसुम.
260 _bशशीदिप.
_c1981
300 _a151
600 _aअभ्यंकर कुसुम.
630 _aजांभ्या दगडाचे डोळे.
655 _aलघुकथा.
700 _aअभ्यंकर कुसुम.
730 _aजांभ्या दगडाचे डोळे.
942 _cBOOK
999 _c258573
_d258573